Normal view MARC view

Entry Personal Name

Number of records used in: 8

001 - CONTROL NUMBER

  • control field: 1613

003 - CONTROL NUMBER IDENTIFIER

  • control field: TR-AnCHP

005 - DATE AND TIME OF LATEST TRANSACTION

  • control field: 20190110165449.0

008 - FIXED-LENGTH DATA ELEMENTS

  • fixed length control field: 1901101016n|cannaabn |n|d ||

040 ## - CATALOGING SOURCE

  • Original cataloging agency: TR-AnCHP

100 10 - HEADING--PERSONAL NAME

  • Personal name: Harmancı, Mehmet

670 ## - SOURCE DATA FOUND

  • Source citation: Harmancı, Mehmet.
  • Information found: 21. yüzyılın şafağında savaş ve savaş karşıtı mücadeleAlvin Toffler, Heidi Toffler; çeviren Mehmet Harmancı